[Event "EU Championship 4th"]
[Site "Liverpool"]
[Date "2008.09.11"]
[Round "3.2"]
[White "Vachier-Lagrave, Maxime"]
[Black "Arkell, Keith C"]
[Result "1-0"]
[WhiteElo "2681"]
[BlackElo "2506"]
[PlyCount "135"]
[EventDate "2008.09.09"]

1. e4 c6 2. d4 d5 3. e5 c5 4. dxc5 e6 5. Nf3 Bxc5 6. Bd3 Nc6 7. O-O Nge7 8. Bf4
Ng6 9. Bg3 O-O 10. Nbd2 f5 11. exf6 Qxf6 12. c4 Nb4 13. Bxg6 Qxg6 14. Ne5 Qc2
15. cxd5 Qxd1 16. Rfxd1 Nxd5 17. Ne4 Be7 18. Rac1 b6 19. Nc6 Bf6 20. Bd6 Re8
21. Be5 Bxe5 22. Nxe5 Ba6 23. h4 h6 24. Kh2 Rf8 25. f3 Rac8 26. Nc6 Rc7 27. Nd4
Rxc1 28. Rxc1 e5 29. Nc6 Rc8 30. Rd1 Rxc6 31. Rxd5 Rc2 32. Rd8+ Kh7 33. Rd2
Rxd2 34. Nxd2 Kg6 35. Kg3 Kf5 36. Kf2 Bb7 37. Ke3 h5 38. Nf1 g6 39. g4+ hxg4
40. Ng3+ Kf6 41. fxg4 Bd5 42. Ne4+ Ke7 43. a3 Be6 44. h5 gxh5 45. gxh5 Bf5 46.
Nc3 Kf6 47. Nb5 a6 48. Nd6 Bh7 49. b4 Ke6 50. Nc4 b5 51. Nd2 Kd5 52. Nf3 Bf5
53. h6 Bg6 54. Kd2 e4 55. Ng5 Kc4 56. Ne6 Kb3 57. Nf8 Bf5 58. Ke3 Kxa3 59. Kf4
e3 60. Kxe3 Kxb4 61. Kf4 Bc2 62. Kg5 Ka3 63. Ng6 b4 64. h7 b3 65. h8=Q b2 66.
Qc3+ Bb3 67. Ne5 b1=Q 68. Nc4+ 1-0

[Event "EU Championship 4th"]
[Site "Liverpool"]
[Date "2008.09.11"]
[Round "3.3"]
[White "Priborsky, Jan"]
[Black "Fridman, Daniel"]
[Result "0-1"]
[WhiteElo "2344"]
[BlackElo "2637"]
[PlyCount "74"]
[EventDate "2008.09.09"]

1. Nf3 d6 2. e4 Nf6 3. Nc3 g6 4. d4 Bg7 5. Be2 O-O 6. O-O c6 7. a4 Qc7 8. Re1
Nbd7 9. Bf1 e5 10. a5 Re8 11. h3 Rb8 12. Be3 exd4 13. Bxd4 b5 14. axb6 axb6 15.
b4 b5 16. Ra7 Rb7 17. Qa1 Rxa7 18. Qxa7 Bb7 19. Qa1 Qb8 20. Nxb5 cxb5 21. Bxb5
Ne5 22. Bxe8 Nxf3+ 23. gxf3 Nxe8 24. Bxg7 Nxg7 25. Rd1 Ne6 26. Qf6 Qc7 27. h4
h5 28. c3 Kf8 29. Kg2 d5 30. exd5 Bxd5 31. Kg1 Qc4 32. Re1 Bc6 33. Qh8+ Ke7 34.
Qd4 Qxd4 35. cxd4 Kd6 36. Kg2 Nxd4 37. Rd1 Bxf3+ 0-1

[Event "EU Championship 4th"]
[Site "Liverpool"]
[Date "2008.09.11"]
[Round "3.4"]
[White "L'Ami, Erwin"]
[Black "Abergel, Thal"]
[Result "0-1"]
[WhiteElo "2610"]
[BlackElo "2499"]
[PlyCount "148"]
[EventDate "2008.09.09"]

1. d4 Nf6 2. c4 e6 3. Nf3 Bb4+ 4. Nbd2 O-O 5. a3 Be7 6. e3 c5 7. dxc5 Bxc5 8.
b3 Be7 9. Bb2 d6 10. Qc2 b6 11. Bd3 Nbd7 12. Ne4 Bb7 13. Rd1 Nxe4 14. Bxe4 Bxe4
15. Qxe4 Nc5 16. Qc2 Bf6 17. Bxf6 Qxf6 18. b4 Nb7 19. O-O Rfc8 {(=)} 20. Qe4
Rab8 21. Rc1 Qg6 22. Qxg6 hxg6 23. Rc2 Rc7 24. Rfc1 Rbc8 25. Ne1 a5 26. Kf1
axb4 27. axb4 Ra8 28. h4 Ra4 29. Nd3 Nd8 30. g3 Nc6 31. Rb2 e5 32. Rcb1 Ra3 33.
Rb3 Rxb3 34. Rxb3 e4 35. Nf4 Ne5 36. Nd5 Rxc4 37. Nxb6 Rc1+ 38. Kg2 Nf3 39. Nd5
f5 40. Rc3 Rg1+ 41. Kh3 Rh1+ 42. Kg2 Rh2+ 43. Kf1 g5 44. hxg5 Rh1+ 45. Kg2 Rg1+
46. Kh3 Kh7 47. g6+ Kxg6 48. Nf4+ Kf6 49. Ne2 Re1 50. Nd4 Rh1+ 51. Kg2 Rg1+ 52.
Kh3 g5 53. Nxf3 exf3 54. Kh2 Rg2+ 55. Kh1 Rxf2 56. Rb3 Rc2 57. Kg1 Rg2+ 58. Kf1
Rxg3 59. b5 Rh3 60. b6 Rh8 61. b7 Rb8 62. Kf2 g4 63. Kg3 Ke6 64. Rb5 Kf6 65.
Kf2 Ke7 66. Kg3 Ke6 67. Rb6 Kd7 68. Rb5 Ke6 69. Kf2 d5 70. Kg3 Kd6 71. Rb6+ Kc5
72. Rf6 Rxb7 73. Rxf5 Rb4 74. Rh5 Rb1 0-1

[Event "EU Championship 4th"]
[Site "Liverpool"]
[Date "2008.09.11"]
[Round "3.5"]
[White "Laznicka, Viktor"]
[Black "Langrock, Hannes"]
[Result "1/2-1/2"]
[WhiteElo "2601"]
[BlackElo "2398"]
[PlyCount "103"]
[EventDate "2008.09.09"]

1. d4 e6 2. c4 b6 3. a3 f5 4. Nc3 Bb7 5. d5 Nf6 6. Nh3 Na6 7. g3 Bd6 8. Bg2 O-O
9. O-O Nc5 10. Qc2 Qe7 11. Be3 Nce4 12. Rad1 Nxc3 13. Qxc3 Ne4 14. Qc2 exd5 15.
cxd5 Rae8 16. Bf4 a5 17. Bxd6 Qxd6 18. Rc1 Nc5 19. Nf4 a4 20. h4 Ba6 21. Rfd1
Qe5 22. e3 Rf7 23. Rd4 g6 24. Rcd1 Ra8 25. Rb4 Rb8 26. Bf1 Bxf1 27. Kxf1 d6 28.
Rdd4 Ra8 29. Ne2 Ra5 30. Nc3 h6 31. Kg2 g5 32. Qd1 Kg7 33. hxg5 hxg5 34. Nxa4
Ne4 35. Qd3 Nc5 36. Qd1 Ne4 37. f4 gxf4 38. exf4 Qf6 39. Qf3 Re7 40. Nc3 Nxc3
41. Qxc3 Rc5 42. Qd2 Qh6 43. Rb3 Kg8 44. Rc3 Rh7 45. Kf3 Qh5+ 46. Ke3 Re7+ 47.
Kf2 Rxc3 48. bxc3 Qh2+ 49. Kf3 Qh1+ 50. Kf2 Qh2+ 51. Kf3 Qh1+ 52. Kf2 1/2-1/2

[Event "EU Championship 4th"]
[Site "Liverpool"]
[Date "2008.09.11"]
[Round "3.7"]
[White "Williams, Simon K"]
[Black "David, Alberto"]
[Result "1/2-1/2"]
[WhiteElo "2496"]
[BlackElo "2568"]
[PlyCount "84"]
[EventDate "2008.09.09"]

1. d4 Nf6 2. c4 e6 3. Nf3 d5 4. Nc3 Bb4 5. cxd5 exd5 6. Bg5 Nbd7 7. e3 c5 8.
Bd3 Qa5 9. Qc2 O-O 10. O-O c4 11. Bf5 Re8 12. Nd2 g6 13. Bxd7 Nxd7 14. h4 f6
15. Bh6 Bxc3 16. bxc3 Nb6 17. f3 Qa4 18. Qc1 Qa5 19. Rb1 Bd7 20. e4 Bc6 21. Qc2
Ba4 22. Qc1 Bc6 23. Re1 Rad8 24. Bf4 Na4 25. Rb4 b5 26. e5 Qc7 27. Nf1 Qf7 28.
exf6 Rxe1 29. Qxe1 Re8 30. Be5 Qxf6 31. Qg3 Qe6 32. f4 Bd7 33. Rxa4 bxa4 34.
Ne3 Qf7 35. Qf3 Be6 36. g4 Qb7 37. f5 Rf8 38. Qg2 Qb1+ 39. Kh2 Qe1 40. Nxd5
Qxh4+ 41. Kg1 Qe1+ 42. Kh2 Qh4+ 1/2-1/2

[Event "EU Championship 4th"]
[Site "Liverpool"]
[Date "2008.09.11"]
[Round "3.8"]
[White "Rausis, Igor"]
[Black "Meier, Georg"]
[Result "1/2-1/2"]
[WhiteElo "2486"]
[BlackElo "2556"]
[PlyCount "31"]
[EventDate "2008.09.09"]

1. d4 Nf6 2. c4 e6 3. g3 d5 4. Bg2 dxc4 5. Nf3 c5 6. O-O Nc6 7. dxc5 Bxc5 8.
Qxd8+ Kxd8 9. Nbd2 Ke7 10. Nxc4 Nd5 11. Nfe5 Nxe5 12. Nxe5 Rd8 13. Bd2 Bd4 14.
Nd3 Bd7 15. Bxd5 exd5 16. Bb4+ 1/2-1/2

[Event "EU Championship 4th"]
[Site "Liverpool"]
[Date "2008.09.11"]
[Round "3.9"]
[White "Jones, Gawain C B"]
[Black "Bitalzadeh, Ali"]
[Result "0-1"]
[WhiteElo "2549"]
[BlackElo "2310"]
[PlyCount "84"]
[EventDate "2008.09.09"]

1. e4 c5 2. Nf3 d6 3. d4 cxd4 4. Nxd4 Nf6 5. Nc3 Nc6 6. Bg5 e6 7. Qd2 Be7 8.
O-O-O Nxd4 9. Qxd4 O-O 10. f4 Qa5 11. e5 dxe5 12. Qxe5 Qxe5 13. fxe5 Nd5 14.
Bxe7 Nxe7 15. Bd3 b6 16. Be4 Rb8 17. Rhe1 Bb7 18. Nb5 Bxe4 19. Rxe4 Rb7 20. Ra4
a5 21. Re4 h5 22. c4 Rbb8 23. Kc2 Rfd8 24. Rxd8+ Rxd8 25. Rd4 Rc8 26. b3 Ng6
27. Na7 Rc5 28. Rd6 Rxe5 29. Kd2 h4 30. Rxb6 Rg5 31. g3 h3 32. Rb5 Rxg3 33. c5
Rg2+ 34. Kc3 Rxh2 35. c6 Rh1 36. Kb2 h2 37. Rh5 Ne7 38. c7 g6 39. Rh3 g5 40.
Rd3 Rb1+ 41. Kxb1 h1=Q+ 42. Kb2 Qh2+ 0-1

[Event "EU Championship 4th"]
[Site "Liverpool"]
[Date "2008.09.11"]
[Round "3.10"]
[White "Arakhamia-Grant, Ketevan"]
[Black "Miezis, Normunds"]
[Result "1/2-1/2"]
[WhiteElo "2448"]
[BlackElo "2540"]
[PlyCount "149"]
[EventDate "2008.09.09"]

1. e4 c5 2. Nf3 e6 3. d4 cxd4 4. Nxd4 a6 5. Bd3 Nc6 6. Nxc6 dxc6 7. Nd2 Qc7 8.
O-O Nf6 9. f4 e5 10. f5 h5 11. Nb3 b6 12. Bg5 Bb7 13. Qe2 Be7 14. a4 a5 15.
Bxf6 Bxf6 16. Rad1 h4 17. Bc4 O-O 18. Kh1 Rfd8 19. Nd2 Rab8 20. Nf3 Qe7 21. g4
hxg3 22. hxg3 b5 23. Bd3 bxa4 24. Ra1 c5 25. Rxa4 Bc6 26. Rxa5 Rxb2 27. Nd2 Rd4
28. Rfa1 Rb8 29. Ra7 Rd7 30. R7a6 Bb7 31. R6a5 Rd4 32. Kh2 Rbd8 33. Ra7 R8d7
34. Nc4 g6 35. Nb6 Rc7 36. c3 Rd8 37. fxg6 fxg6 38. Bc4+ Kg7 39. Nd5 Rh8+ 40.
Kg1 Bxd5 41. Rxc7 Qxc7 42. Bxd5 Rb8 43. Qg4 c4 44. Kg2 Rb2+ 45. Kh3 Rb8 46. Qe6
Rb6 47. Qe8 Rb8 48. Qe6 Rb6 49. Qg4 Rb8 50. Kg2 Rb2+ 51. Kf3 Rb8 52. Qe6 Qe7
53. Bxc4 Qxe6 54. Bxe6 Rb7 55. Ke3 Be7 56. Rf1 Bg5+ 57. Kd3 Rc7 58. Bd5 Bh6 59.
Rf3 Bg5 60. Kc2 Bh6 61. Kb3 Bd2 62. c4 Ba5 63. Ka4 Bb6 64. Kb5 Bd4 65. Bc6 Rc8
66. Bd5 Rc5+ 67. Kb4 Rc7 68. g4 Kh6 69. Rf7 Rc5 70. Re7 Kg5 71. Rxe5+ Bxe5 72.
Kxc5 Kxg4 73. Kb5 Kf4 74. c5 g5 75. Be6 1/2-1/2

[Event "EU Championship 4th"]
[Site "Liverpool"]
[Date "2008.09.11"]
[Round "3.11"]
[White "Conquest, Stuart C"]
[Black "Carlsson, Pontus"]
[Result "1-0"]
[WhiteElo "2536"]
[BlackElo "2514"]
[PlyCount "75"]
[EventDate "2008.09.09"]

1. d4 Nf6 2. c4 e6 3. Nf3 b6 4. g3 Ba6 5. Qc2 Bb4+ 6. Bd2 Be7 7. Bg2 c6 8. c5
d5 9. cxd6 Bxd6 10. Nc3 O-O 11. O-O Nbd7 12. Rad1 h6 13. Qa4 Qc8 14. Rfe1 b5
15. Qb3 c5 16. Nxb5 Bxb5 17. Qxb5 Rb8 18. Qa5 Rxb2 19. Rc1 Ne4 20. Red1 Qb8 21.
Be3 Rb5 22. Qa4 Ndf6 23. dxc5 Bxc5 24. Nd4 Rb4 25. Qc2 Qb6 26. Rb1 Rxb1 27.
Rxb1 Qd6 28. Nb5 Qe5 29. Bxc5 Nxc5 30. Nxa7 Ncd7 31. Nc6 Qd6 32. a4 Ne5 33. a5
Nxc6 34. Qxc6 Qa3 35. a6 Qa2 36. Qb7 Nd7 37. a7 Nc5 38. a8=Q 1-0

[Event "EU Championship 4th"]
[Site "Liverpool"]
[Date "2008.09.11"]
[Round "3.12"]
[White "Gordon, Stephen J"]
[Black "Bacrot, Etienne"]
[Result "0-1"]
[WhiteElo "2508"]
[BlackElo "2691"]
[PlyCount "56"]
[EventDate "2008.09.09"]

1. d4 Nf6 2. c4 d6 3. Nc3 e5 4. Nf3 Nbd7 5. e4 g6 6. Be2 Bg7 7. O-O O-O 8. Qc2
Nh5 9. Rd1 Nf4 10. Bf1 c5 11. d5 Nf6 12. Bxf4 exf4 13. e5 Ne8 14. Re1 dxe5 15.
Nxe5 Nd6 16. Nd3 Bf5 17. Qb3 Qh4 18. Ne5 Qf6 19. Qa3 Rfc8 20. Rad1 g5 21. Na4
Re8 22. Nf3 g4 23. Rxe8+ Rxe8 24. Ne1 Ne4 25. Nd3 g3 26. Naxc5 gxf2+ 27. Nxf2
Nxf2 28. Kxf2 Bg4 0-1

[Event "EU Championship 4th"]
[Site "Liverpool"]
[Date "2008.09.11"]
[Round "3.13"]
[White "Tiviakov, Sergei"]
[Black "Vaznonis, Vytautas"]
[Result "1-0"]
[WhiteElo "2645"]
[BlackElo "2407"]
[PlyCount "63"]
[EventDate "2008.09.09"]

1. e4 e6 2. d4 d5 3. Nd2 c5 4. exd5 exd5 5. Ngf3 Nc6 6. Be2 Bd6 7. dxc5 Bxc5 8.
Nb3 Bb6 9. O-O Nf6 10. Nfd4 O-O 11. c3 Re8 12. Re1 Ne4 13. Be3 Qf6 14. Qc2 Bf5
15. Bh5 Ne5 16. Qe2 Bd7 17. Bf3 Bc7 18. Rad1 Ba4 19. Bc1 Nxf3+ 20. Qxf3 Qd6 21.
g3 Qg6 22. Qf5 Rad8 23. Qxg6 hxg6 24. f3 Nf6 25. Kf2 Bb6 26. Be3 a6 27. Nc2
Bxb3 28. axb3 Bc7 29. Bd4 Re6 30. Rd3 Nd7 31. Nb4 Nb8 32. Be3 1-0

[Event "EU Championship 4th"]
[Site "Liverpool"]
[Date "2008.09.11"]
[Round "3.15"]
[White "Ris, Robert"]
[Black "Baramidze, David"]
[Result "1/2-1/2"]
[WhiteElo "2415"]
[BlackElo "2593"]
[PlyCount "64"]
[EventDate "2008.09.09"]

1. e4 e5 2. Nf3 Nc6 3. Bb5 a6 4. Ba4 Nf6 5. O-O Be7 6. d4 exd4 7. e5 Ne4 8.
Nxd4 Nc5 9. Nf5 O-O 10. Qg4 g6 11. Bxc6 dxc6 12. Nxe7+ Qxe7 13. Qg3 Re8 14. Bf4
Bf5 15. Na3 Ne6 16. Rae1 Rad8 17. Bc1 b5 18. f4 Qc5+ 19. Qf2 b4 20. Qxc5 Nxc5
21. Be3 Na4 22. Nc4 Bxc2 23. Rf2 Bd3 24. Rc1 Rd5 25. h3 h5 26. Bd2 Rb5 27. b3
Nc5 28. Nb2 Bf5 29. Re2 Ne6 30. Be3 c5 31. Rd2 Rbb8 32. Na4 Red8 1/2-1/2

[Event "EU Championship 4th"]
[Site "Liverpool"]
[Date "2008.09.11"]
[Round "3.16"]
[White "Smeets, Jan"]
[Black "Garcia Castro, Pablo"]
[Result "1/2-1/2"]
[WhiteElo "2593"]
[BlackElo "2390"]
[PlyCount "109"]
[EventDate "2008.09.09"]

1. e4 e5 2. Nf3 d6 3. d4 exd4 4. Nxd4 Nf6 5. Nc3 Be7 6. g3 O-O 7. Bg2 Re8 8.
O-O Bf8 9. h3 c6 10. Nde2 a5 11. g4 a4 12. Ng3 a3 13. bxa3 Nfd7 14. Rb1 Na6 15.
Nf5 Qc7 16. Qd4 Nac5 17. Rd1 Ne5 18. Nxd6 Bxd6 19. Qxd6 Qxd6 20. Rxd6 Nc4 21.
Rd4 Be6 22. f4 Nxa3 23. Rb2 Nc4 24. Rb4 Na3 25. Rd2 f6 26. Rf2 Bf7 27. Be3 Ra5
28. Bf1 h6 29. Rd2 g5 30. f5 Kg7 31. Kf2 Re7 32. Be2 Na6 33. Rbd4 Nc5 34. Kf3
b5 35. Nd1 Bc4 36. Bd3 Nb1 37. Bxc4 bxc4 38. Re2 Nd7 39. c3 Ne5+ 40. Kg3 Na3
41. Rd8 Nb5 42. Bd4 Nd3 43. Rc8 Ra6 44. Nf2 Nd6 45. Rb8 c5 46. Be3 Ra3 47. Rb6
Nxe4+ 48. Nxe4 Rxe4 49. Kf3 Re5 50. Rb7+ Kg8 51. Rb8+ Kf7 52. Rb7+ Kg8 53. Rb8+
Kf7 54. Rb7+ Kg8 55. Rb8+ 1/2-1/2

[Event "EU Championship 4th"]
[Site "Liverpool"]
[Date "2008.09.11"]
[Round "3.17"]
[White "Collins, Sam E"]
[Black "Luther, Thomas"]
[Result "1/2-1/2"]
[WhiteElo "2412"]
[BlackElo "2570"]
[PlyCount "40"]
[EventDate "2008.09.09"]

1. d4 d5 2. c4 dxc4 3. e3 Be6 4. Na3 Nf6 5. Nf3 c5 6. Nxc4 Nc6 7. Qb3 Bd5 8.
dxc5 e6 9. Qb5 Ne4 10. Nd6+ Nxd6 11. cxd6 Bxd6 12. Be2 a6 13. Qa4 Bb4+ 14. Bd2
Bxf3 15. Bxb4 Bxe2 16. Kxe2 Qh4 17. f4 b5 18. Qb3 Nxb4 19. Qxb4 Qe7 20. Qxe7+
Kxe7 1/2-1/2

[Event "EU Championship 4th"]
[Site "Liverpool"]
[Date "2008.09.11"]
[Round "3.18"]
[White "Moser, Eva"]
[Black "Kotronias, Vasilios"]
[Result "1/2-1/2"]
[WhiteElo "2383"]
[BlackElo "2574"]
[PlyCount "142"]
[EventDate "2008.09.09"]

1. e4 c5 2. c3 Nf6 3. e5 Nd5 4. d4 cxd4 5. Nf3 Nc6 6. cxd4 d6 7. Bc4 Nb6 8. Bb5
dxe5 9. Nxe5 Bd7 10. Nxd7 Qxd7 11. Nc3 e6 12. O-O Be7 13. Qg4 O-O 14. Bxc6 bxc6
15. Bh6 Bf6 16. Rfd1 Kh8 17. Ne4 Qd8 18. Bg5 Bxg5 19. Qxg5 Qxg5 20. Nxg5 Kg8
21. Rac1 Rac8 22. Nf3 f6 23. Rc5 Rfd8 24. Rdc1 Rd6 25. h4 Kf7 26. g3 Rc7 27.
Kf1 Ke8 28. Ke2 Kd8 29. a3 Nd5 30. b4 Ne7 31. R5c4 Rcd7 32. R1c2 Kc7 33. Rc5
Kb7 34. Rb2 Nf5 35. Rbc2 a6 36. Kf1 g6 37. g4 Nxd4 38. Nxd4 Rxd4 39. Rxc6 R4d6
40. Rc8 Rd1+ 41. Kg2 R1d4 42. f3 f5 43. R8c4 e5 44. gxf5 gxf5 45. Kf2 Rd2+ 46.
Rxd2 Rxd2+ 47. Ke3 Ra2 48. Rc3 Kb6 49. f4 e4 50. Kd4 Rd2+ 51. Ke5 Rd3 52. Rc8
e3 53. Kxf5 Rxa3 54. Re8 Kb5 55. Re4 Rb3 56. h5 Rd3 57. Ke6 Rd8 58. Ke7 Rd5 59.
h6 Rf5 60. Ke6 Rf8 61. Ke7 Rf5 62. Ke6 Rf8 63. Kd7 e2 64. Rxe2 Rxf4 65. Re7
Kxb4 66. Rxh7 Rh4 67. Ke6 a5 68. Rb7+ Kc3 69. h7 a4 70. Kf6 a3 71. Ra7 Rxh7
1/2-1/2

[Event "EU Championship 4th"]
[Site "Liverpool"]
[Date "2008.09.11"]
[Round "3.19"]
[White "Andersson, Ulf"]
[Black "Eggleston, David J"]
[Result "1-0"]
[WhiteElo "2562"]
[BlackElo "2372"]
[PlyCount "117"]
[EventDate "2008.09.09"]

1. Nf3 Nf6 2. c4 b6 3. g3 Bb7 4. Bg2 e6 5. O-O Be7 6. d4 O-O 7. Nc3 Na6 8. b3
d5 9. Ne5 c5 10. Bb2 Qc7 11. cxd5 exd5 12. e3 Rad8 13. Rc1 Qb8 14. Qc2 Nc7 15.
Rfd1 Ne6 16. Ne2 cxd4 17. exd4 Rc8 18. Qd3 Rxc1 19. Rxc1 Rc8 20. Rc2 Rxc2 21.
Qxc2 Qc7 22. Qxc7 Nxc7 23. f3 Nfe8 24. Kf2 f6 25. Ng4 Nd6 26. Ne3 Kf7 27. h4
Nc8 28. Nc3 Bd6 29. Nf5 Bb4 30. Ne3 Ne7 31. Bf1 Bd6 32. Bd3 g6 33. Nc2 Ba6 34.
Bxa6 Nxa6 35. Ba3 Bxa3 36. Nxa3 Nc7 37. Nab5 Nxb5 38. Nxb5 a5 39. Nc7 h5 40. g4
hxg4 41. fxg4 Kg7 42. Kf3 g5 43. hxg5 fxg5 44. Ke3 Kf7 45. Kd3 Kg6 46. Kc3 Kf6
47. b4 axb4+ 48. Kxb4 Nc6+ 49. Kc3 Ne7 50. a4 Kf7 51. Kb4 Nc6+ 52. Kb5 Nxd4+
53. Kxb6 Nb3 54. Nxd5 Ke6 55. Ne3 Kd7 56. a5 Nd4 57. a6 Nc6 58. a7 Nxa7 59.
Kxa7 1-0

[Event "EU Championship 4th"]
[Site "Liverpool"]
[Date "2008.09.11"]
[Round "3.20"]
[White "Dgebuadze, Alexandre"]
[Black "Peek, Marcel"]
[Result "1-0"]
[WhiteElo "2562"]
[BlackElo "2370"]
[PlyCount "61"]
[EventDate "2008.09.09"]

1. e4 c5 2. Nf3 d6 3. d4 Nf6 4. Nc3 cxd4 5. Nxd4 Nc6 6. Bc4 e6 7. Be3 a6 8. Qe2
Qc7 9. O-O-O Na5 10. Bd3 b5 11. g4 b4 12. Na4 Nd7 13. Nb3 Qc6 14. Nac5 Nxc5 15.
Nxa5 Qc7 16. Nc4 Bb7 17. Bf4 Bc6 18. Kb1 Be7 19. Rhg1 Nd7 20. e5 d5 21. Nd6+
Bxd6 22. exd6 Qb7 23. Be5 f6 24. Bd4 e5 25. g5 Kd8 26. gxf6 gxf6 27. Rg7 exd4
28. Rdg1 Re8 29. Qxe8+ Kxe8 30. Re7+ Kf8 31. Bxh7 1-0

[Event "EU Championship 4th"]
[Site "Liverpool"]
[Date "2008.09.11"]
[Round "3.21"]
[White "Logothetis, Sotirios"]
[Black "Sulskis, Sarunas"]
[Result "1/2-1/2"]
[WhiteElo "2318"]
[BlackElo "2562"]
[PlyCount "92"]
[EventDate "2008.09.09"]

1. Nf3 Nf6 2. c4 c5 3. Nc3 b6 4. g3 Bb7 5. Bg2 e6 6. O-O Be7 7. d4 cxd4 8. Qxd4
O-O 9. Rd1 d6 10. Bg5 Nbd7 11. Nb5 d5 12. cxd5 Bxd5 13. Nc3 Bc6 14. Ne5 Nxe5
15. Qxe5 Nd7 16. Bxe7 Nxe5 17. Bxd8 Rfxd8 18. Rxd8+ Rxd8 19. Rd1 Rxd1+ 20. Nxd1
Bxg2 21. Kxg2 f5 22. f4 Nc6 23. Kf3 Kf7 24. e4 Kf6 25. Nc3 h6 26. e5+ Ke7 27.
Ke3 g5 28. a3 Kd7 29. b4 Ne7 30. b5 Ng6 31. Kf3 h5 32. Na2 h4 33. Nb4 h3 34.
Nd3 g4+ 35. Ke3 Kc7 36. Kd4 Kb7 37. Ke3 a6 38. a4 Ne7 39. Nb4 a5 40. Nd3 Nd5+
41. Kf2 Nc3 42. Nb2 Ne4+ 43. Kg1 Nd2 44. Kh1 Kc8 45. Kg1 Nf3+ 46. Kh1 Kc7
1/2-1/2

[Event "EU Championship 4th"]
[Site "Liverpool"]
[Date "2008.09.11"]
[Round "3.22"]
[White "Howell, David"]
[Black "Ringoir, Tanguy"]
[Result "1-0"]
[WhiteElo "2561"]
[BlackElo "2321"]
[PlyCount "39"]
[EventDate "2008.09.09"]

1. e4 c5 2. c3 d5 3. exd5 Qxd5 4. d4 Nf6 5. Nf3 e6 6. a3 Be7 7. Be3 cxd4 8.
cxd4 Nc6 9. Nc3 Qd6 10. Bd3 O-O 11. O-O b6 12. Qe2 Bb7 13. Rad1 Rad8 14. Rfe1
Nd5 15. Ne4 Qb8 16. Bb1 Rfe8 17. Nfg5 h6 18. Nxf7 Kxf7 19. Qh5+ g6 20. Nd6+ 1-0

[Event "EU Championship 4th"]
[Site "Liverpool"]
[Date "2008.09.11"]
[Round "3.23"]
[White "Wells, Peter K"]
[Black "Rodriguez Lopez, Rafael"]
[Result "1-0"]
[WhiteElo "2526"]
[BlackElo "2312"]
[PlyCount "53"]
[EventDate "2008.09.09"]

1. d4 Nf6 2. c4 g6 3. Nc3 d5 4. cxd5 Nxd5 5. e4 Nxc3 6. bxc3 Bg7 7. Bc4 c5 8.
Ne2 Nc6 9. Be3 O-O 10. O-O Bd7 11. Rb1 Qc7 12. Bf4 Qc8 13. d5 Na5 14. Bd3 e5
15. Be3 f5 16. f3 f4 17. Bf2 c4 18. Bc2 b5 19. a4 a6 20. Ra1 Re8 21. Kh1 Bf8
22. g3 g5 23. gxf4 gxf4 24. Nxf4 exf4 25. Rg1+ Kf7 26. Qd4 Bh6 27. Bh4 1-0

[Event "EU Championship 4th"]
[Site "Liverpool"]
[Date "2008.09.11"]
[Round "3.24"]
[White "Godena, Michele"]
[Black "Motoc, Alina"]
[Result "1-0"]
[WhiteElo "2519"]
[BlackElo "2303"]
[PlyCount "113"]
[EventDate "2008.09.09"]

1. e4 c5 2. c3 Nf6 3. e5 Nd5 4. Nf3 Nc6 5. Bc4 Nb6 6. Bb3 c4 7. Bc2 Qc7 8. Qe2
g5 9. e6 dxe6 10. Nxg5 Qe5 11. d4 cxd3 12. Bxd3 Qxe2+ 13. Bxe2 h6 14. Ne4 e5
15. O-O Bf5 16. Nbd2 Nd5 17. Re1 Nf4 18. Bc4 O-O-O 19. Bxf7 e6 20. Ng3 Nd3 21.
Rd1 Bc5 22. Nde4 Bb6 23. Bh5 Rd7 24. Be2 Nf4 25. Bxf4 exf4 26. Nxf5 exf5 27.
Nd6+ Kb8 28. Nxf5 Rf7 29. Rd5 Rf6 30. Rad1 Re8 31. Kf1 Ne5 32. Bb5 Ree6 33. Ng7
Re7 34. Ne8 Rc6 35. Bxc6 bxc6 36. Rxe5 Rxe5 37. Nf6 Ra5 38. Nd7+ Kc7 39. Nxb6
axb6 40. a3 Rh5 41. Rd3 Rb5 42. b4 Re5 43. Rd4 Rh5 44. Rxf4 Rxh2 45. Rf7+ Kd6
46. Rf6+ Kd5 47. c4+ Kxc4 48. Rxc6+ Kb5 49. Rc3 Ka4 50. f4 Rh5 51. Rf3 Rf5 52.
g4 Rf6 53. f5 Kb5 54. Re3 Kc6 55. a4 h5 56. Re6+ Rxe6 57. fxe6 1-0

[Event "EU Championship 4th"]
[Site "Liverpool"]
[Date "2008.09.11"]
[Round "3.25"]
[White "Lasinskas, Povilas"]
[Black "Spoelman, Wouter"]
[Result "0-1"]
[WhiteElo "2269"]
[BlackElo "2448"]
[PlyCount "84"]
[EventDate "2008.09.09"]

1. d4 Nf6 2. c4 e6 3. Nf3 b6 4. Bg5 Bb7 5. e3 h6 6. Bh4 g5 7. Bg3 Ne4 8. Nfd2
Nxg3 9. fxg3 Bg7 10. Nc3 Qe7 11. Qc2 Nc6 12. O-O-O O-O-O 13. a3 g4 14. Bd3 h5
15. Kb1 h4 16. Nb3 Kb8 17. Qe2 f5 18. Bc2 Rh6 19. e4 hxg3 20. hxg3 Rxh1 21.
Rxh1 Nxd4 22. Nxd4 Bxd4 23. Nb5 Bf6 24. exf5 a6 25. Nc3 Bxc3 26. bxc3 Qxa3 27.
f6 Qxc3 28. f7 Rf8 29. Rh7 Qf6 30. Qxg4 Rxf7 31. Qg8+ Rf8 32. Qg7 Qf1+ 33. Kb2
Bc6 34. g4 Kb7 35. Rh8 Rxh8 36. Qxh8 Qxg2 37. Qd4 d6 38. Qf4 e5 39. Qf5 Ba4 40.
Qe4+ Qxe4 41. Bxe4+ Kc8 42. g5 Kd8 0-1

[Event "EU Championship 4th"]
[Site "Liverpool"]
[Date "2008.09.11"]
[Round "3.26"]
[White "Fowler, Simon A"]
[Black "Short, Nigel D"]
[Result "0-1"]
[WhiteElo "2256"]
[BlackElo "2655"]
[PlyCount "78"]
[EventDate "2008.09.09"]

1. e4 Nf6 2. e5 Nd5 3. Bc4 Nb6 4. Bb3 c5 5. Qe2 g6 6. e6 dxe6 7. Nc3 Bg7 8. Ne4
Qc7 9. d3 Nd5 10. c4 Nf6 11. Nc3 O-O 12. Nf3 Nc6 13. Be3 b6 14. d4 cxd4 15.
Nxd4 Bb7 16. O-O Rfd8 17. Ndb5 Qe5 18. f4 Qb8 19. Rad1 Rxd1 20. Rxd1 Bh6 21. g3
e5 22. Nd5 exf4 23. Bc1 Qf8 24. Nxf6+ exf6 25. Nd6 Na5 26. Bxf4 Bxf4 27. gxf4
Bc6 28. Ne4 Kg7 29. Qd3 Qe7 30. Nd6 Nb7 31. Nxb7 Bxb7 32. Kf1 Bc6 33. Re1 Qc7
34. Qe3 Re8 35. Qf2 Be4 36. Qd2 Rd8 37. Qf2 f5 38. Re3 Rd4 39. Rc3 Bd3+ 0-1

[Event "EU Championship 4th"]
[Site "Liverpool"]
[Date "2008.09.11"]
[Round "3.27"]
[White "Werle, Jan"]
[Black "Kett, Timothy"]
[Result "1-0"]
[WhiteElo "2591"]
[BlackElo "2247"]
[PlyCount "65"]
[EventDate "2008.09.09"]

1. d4 Nf6 2. c4 e6 3. Nf3 Bb4+ 4. Nbd2 b6 5. a3 Bxd2+ 6. Bxd2 Bb7 7. Bg5 d6 8.
e3 Nbd7 9. Be2 h6 10. Bh4 g5 11. Bg3 Ne4 12. O-O h5 13. h4 gxh4 14. Bxh4 f6 15.
d5 Qe7 16. Nd4 exd5 17. cxd5 O-O-O 18. Nc6 Bxc6 19. dxc6 Ne5 20. Qd5 Ng5 21. a4
Rdg8 22. a5 f5 23. Kh1 Qe6 24. Qxe6+ Nxe6 25. axb6 cxb6 26. Rxa7 Nxc6 27. Ba6+
Kb8 28. Rb7+ Ka8 29. Rxb6 Rg4 30. Bf6 Rf8 31. Ra1 Rxf6 32. Bb5+ Na7 33. Bc6#
1-0

[Event "EU Championship 4th"]
[Site "Liverpool"]
[Date "2008.09.11"]
[Round "3.28"]
[White "Briscoe, Chris"]
[Black "Hillarp Persson, Tiger"]
[Result "1/2-1/2"]
[WhiteElo "2232"]
[BlackElo "2526"]
[PlyCount "61"]
[EventDate "2008.09.09"]

1. e4 g6 2. d4 Bg7 3. Nc3 d6 4. Be3 a6 5. Qd2 Nd7 6. h4 h5 7. Nh3 b5 8. O-O-O
c6 9. f3 Qc7 10. g4 hxg4 11. fxg4 Ngf6 12. g5 Nh5 13. Qf2 Bb7 14. Be2 b4 15.
Na4 c5 16. Rhf1 Rf8 17. dxc5 Qa5 18. cxd6 Qxa4 19. dxe7 Kxe7 20. Bc5+ Nxc5 21.
Qxc5+ Ke8 22. Bg4 Bc6 23. Rd6 Bb5 {(=)} 24. Rxf7 Rxf7 25. Re6+ Kd8 26. Qd5+ Bd7
27. Qxa8+ Bc8 28. Re8+ Kxe8 29. Qxc8+ Ke7 30. Qc5+ Ke8 31. Qc8+ 1/2-1/2

[Event "EU Championship 4th"]
[Site "Liverpool"]
[Date "2008.09.11"]
[Round "3.29"]
[White "Constantinou, Peter"]
[Black "Hebden, Mark L"]
[Result "0-1"]
[WhiteElo "2225"]
[BlackElo "2520"]
[PlyCount "76"]
[EventDate "2008.09.09"]

1. d4 Nf6 2. Nf3 g6 3. Bf4 Bg7 4. e3 d6 5. h3 O-O 6. Be2 c5 7. c3 Be6 8. dxc5
dxc5 9. Qxd8 Rxd8 10. Nbd2 Nc6 11. Bc4 Nd5 12. Bg3 Na5 13. Be2 Rac8 14. O-O Nb6
15. a3 Na4 16. Rab1 c4 17. Bd1 Nc5 18. Bc2 Bd7 19. Rfd1 Ba4 20. Rdc1 e5 21. Nf1
f6 22. Ne1 Bb3 23. Rd1 Bxc2 24. Nxc2 Nab3 25. f3 Na4 26. Rxd8+ Rxd8 27. Be1 f5
28. e4 fxe4 29. fxe4 Nbc5 30. Nce3 b5 31. Nd5 Nxe4 32. Nc7 Rd7 33. Na6 Bh6 34.
Bf2 Rf7 35. Be1 Nec5 36. Nxc5 Nxc5 37. Ng3 Be3+ 38. Kh1 Nd3 0-1